Miasta prezydenckie w Polsce na mapie - Statystyki

Ogólne statystyki
  • Ten quiz został rozwiązany 4 349 razy
  • Średni wynik to 66 z 107
Odpowiedzi na mapie
Odpowiedzi zakodowano w zielono-czerwonej skali na mapie do tego quizu, zgodnie z poniższymi procentami.
 
Statystyki odpowiedzi
Województwo Miasto % Poprawnych
Pomorskie Gdańsk
96%
Pomorskie Gdynia
96%
Mazowieckie Warszawa
96%
Małopolskie Kraków
94%
Zachodniopomorskie Szczecin
94%
Pomorskie Sopot
93%
Podlaskie Białystok
92%
Wielkopolskie Poznań
92%
Dolnośląskie Wrocław
92%
Łódzkie Łódź
91%
Kujawsko-pomorskie Bydgoszcz
90%
Śląskie Katowice
90%
Lubelskie Lublin
90%
Kujawsko-pomorskie Toruń
90%
Lubuskie Zielona Góra
89%
Warmińsko-mazurskie Olsztyn
88%
Podkarpackie Rzeszów
88%
Opolskie Opole
87%
Świętokrzyskie Kielce
86%
Lubuskie Gorzów Wielkopolski
85%
Mazowieckie Radom
84%
Podlaskie Suwałki
84%
Zachodniopomorskie Świnoujście
84%
Śląskie Częstochowa
81%
Warmińsko-mazurskie Elbląg
81%
Zachodniopomorskie Kołobrzeg
81%
Zachodniopomorskie Koszalin
80%
Śląskie Gliwice
75%
Mazowieckie Płock
74%
Małopolskie Tarnów
74%
Warmińsko-mazurskie Ełk
71%
Pomorskie Słupsk
71%
Śląskie Sosnowiec
71%
Śląskie Zabrze
71%
Śląskie Bielsko-Biała
70%
Podkarpackie Przemyśl
70%
Lubelskie Zamość
69%
Śląskie Chorzów
68%
Wielkopolskie Kalisz
68%
Dolnośląskie Legnica
68%
Śląskie Bytom
67%
Dolnośląskie Jelenia Góra
67%
Małopolskie Nowy Sącz
67%
Dolnośląskie Wałbrzych
67%
Kujawsko-pomorskie Włocławek
67%
Wielkopolskie Konin
66%
Dolnośląskie Lubin
66%
Wielkopolskie Piła
65%
Mazowieckie Pruszków
65%
Łódzkie Piotrków Trybunalski
64%
Kujawsko-pomorskie Inowrocław
63%
Kujawsko-pomorskie Grudziądz
62%
Podlaskie Łomża
62%
Lubelskie Chełm
61%
Wielkopolskie Gniezno
61%
Śląskie Tychy
61%
Lubelskie Biała Podlaska
59%
Śląskie Rybnik
59%
Pomorskie Wejherowo
59%
Śląskie Dąbrowa Górnicza
58%
Mazowieckie Siedlce
58%
Zachodniopomorskie Stargard
58%
Podkarpackie Krosno
56%
Wielkopolskie Leszno
56%
Podkarpackie Tarnobrzeg
56%
Śląskie Ruda Śląska
55%
Łódzkie Bełchatów
53%
Opolskie Kędzierzyn-Koźle
53%
Pomorskie Tczew
53%
Mazowieckie Ostrołęka
52%
Podkarpackie Mielec
51%
Łódzkie Skierniewice
51%
Mazowieckie Legionowo
50%
Łódzkie Pabianice
50%
Łódzkie Zgierz
50%
Dolnośląskie Głogów
48%
Lubelskie Puławy
46%
Śląskie Jastrzębie-Zdrój
45%
Śląskie Jaworzno
45%
Śląskie Mysłowice
45%
Świętokrzyskie Ostrowiec Świętokrzyski
45%
Wielkopolskie Ostrów Wielkopolski
45%
Podkarpackie Stalowa Wola
45%
Śląskie Żory
45%
Małopolskie Oświęcim
44%
Śląskie Siemianowice Śląskie
44%
Mazowieckie Otwock
43%
Pomorskie Starogard Gdański
43%
Łódzkie Tomaszów Mazowiecki
43%
Śląskie Będzin
41%
Mazowieckie Ciechanów
39%
Łódzkie Kutno
39%
Łódzkie Radomsko
39%
Łódzkie Sieradz
38%
Świętokrzyskie Starachowice
38%
Śląskie Świętochłowice
38%
Śląskie Zawiercie
38%
Śląskie Piekary Śląskie
37%
Śląskie Racibórz
37%
Świętokrzyskie Skarżysko-Kamienna
36%
Dolnośląskie Świdnica
36%
Śląskie Wodzisław Śląski
36%
Mazowieckie Żyrardów
35%
Dolnośląskie Bolesławiec
34%
Lubuskie Nowa Sól
33%
Łódzkie Zduńska Wola
27%
Śląskie Knurów
18%
Nie znaleziono quizów pasujących do podanych kryteriów
Rozkład punktacji
Procent ludzi z każdym wynikiem
Percentyl według liczby udzielonych odpowiedzi
Twoja historia wyników
Nie rozwiązałeś tego quizu